00723nam a2200217 a 4500008004100000020002200041050001800063100001900081245006900100260005100169300002400220504005600244530003600300650003500336650003900371740005800410740001000468003000100478005001700479040000900496  a1563089629 (pbk.)00aREF Z1006 REI1 aReitz, Joan M.10aDictionary for library and information science /cJoan M. Reitz. aWestport, Conn. :bLibraries Unlimited,c2004. ax, 788 p. ;c24 cm. aIncludes bibliographical references (p. [758]-788). aAlso available on the Internet. 0aLibrary sciencevDictionaries. 0aInformation sciencevDictionaries.0 aOnline dictionary for library and information science0 aODLIS20230120191417.0 cNUST